[Event "M?R 2020 v bleskovém ?achu druzstev"]
[Site "Turnov"]
[Date "2020.09.12"]
[Round "6.1"]
[White "Kraus TUR_A, Tomas"]
[Black "Soukup KVA, Jiri"]
[Result "1-0"]
[BlackElo "2252"]
[WhiteElo "2417"]
[LiveChessVersion "1.4.8"]

1. e4 {[%clk 0:03:03]} e5 {[%clk 0:03:02]} 2. Nf3 {[%clk 0:03:03]} Nc6 3. d4
{[%clk 0:03:04]} exd4 {[%clk 0:03:03]} 4. Nxd4 {[%clk 0:03:05]} Bc5
{[%clk 0:03:03]} 5. Nxc6 {[%clk 0:03:03]} Qf6 {[%clk 0:03:04]} 6. Qf3
{[%clk 0:03:04]} dxc6 {[%clk 0:02:58]} 7. Qxf6 {[%clk 0:03:04]} Nxf6
{[%clk 0:02:58]} 8. f3 {[%clk 0:03:05]} Be6 {[%clk 0:02:52]} 9. Nd2
{[%clk 0:03:05]} O-O-O {[%clk 0:02:49]} 10. Nb3 {[%clk 0:03:06]} Be7
{[%clk 0:02:44]} 11. Bd2 {[%clk 0:03:07]} Nd7 {[%clk 0:02:24]} 12. Bc3
{[%clk 0:03:01]} f6 {[%clk 0:02:19]} 13. Nd4 {[%clk 0:02:44]} Bf7
{[%clk 0:02:16]} 14. Nf5 {[%clk 0:02:42]} Bf8 {[%clk 0:02:13]} 15. O-O-O
{[%clk 0:02:18]} Rg8 {[%clk 0:02:10]} 16. Be2 {[%clk 0:02:14]} g6
{[%clk 0:02:02]} 17. Nd4 {[%clk 0:02:14]} Bd6 {[%clk 0:01:53]} 18. g3
{[%clk 0:02:01]} a6 {[%clk 0:01:45]} 19. f4 {[%clk 0:01:50]} Nc5 {[%clk 0:01:37]}
20. Bf3 {[%clk 0:01:42]} Na4 {[%clk 0:01:21]} 21. Be1 {[%clk 0:01:23]} Bxa2
{[%clk 0:01:09]} 22. Nb3 {[%clk 0:01:04]} Nc5 {[%clk 0:00:55]} 23. Nd4
{[%clk 0:00:31]} Bf7 {[%clk 0:00:50]} 24. Bf2 {[%clk 0:00:31]} Kb8
{[%clk 0:00:43]} 25. Rhe1 {[%clk 0:00:32]} Rge8 {[%clk 0:00:36]} 26. h4
{[%clk 0:00:33]} h5 {[%clk 0:00:31]} 27. Bg2 {[%clk 0:00:22]} Ne6
{[%clk 0:00:28]} 28. Nxe6 {[%clk 0:00:21]} Bxe6 {[%clk 0:00:29]} 29. Bf3
{[%clk 0:00:22]} Bc4 {[%clk 0:00:18]} 30. Bd4 {[%clk 0:00:20]} Be7
{[%clk 0:00:15]} 31. Bc3 {[%clk 0:00:20]} Be6 {[%clk 0:00:11]} 32. Rxd8+
{[%clk 0:00:16]} Rxd8 {[%clk 0:00:13]} 33. f5 {[%clk 0:00:17]} Bf7
{[%clk 0:00:12]} 34. e5 {[%clk 0:00:12]} gxf5 {[%clk 0:00:11]} 35. exf6
{[%clk 0:00:12]} Bd6 {[%clk 0:00:12]} 36. Re2 {[%clk 0:00:06]} Kc8
{[%clk 0:00:11]} 37. b3 {[%clk 0:00:07]} Kd7 {[%clk 0:00:11]} 38. Rd2
{[%clk 0:00:06]} Ke6 {[%clk 0:00:09]} 39. Re2+ {[%clk 0:00:06]} Kd7 40. Rd2 Re8
{[%clk 0:00:12]} 41. Bb4 {[%clk 0:00:06]} Re3 {[%clk 0:00:12]} 42. Bd1
{[%clk 0:00:07]} Rxg3 {[%clk 0:00:12]} 43. Bxd6 {[%clk 0:00:07]} cxd6
{[%clk 0:00:13]} 44. Re2 {[%clk 0:00:08]} Kd8 {[%clk 0:00:05]} 45. Re7
{[%clk 0:00:08]} Be8 {[%clk 0:00:06]} 46. Rxb7 {[%clk 0:00:07]} Rg1
{[%clk 0:00:04]} 47. f7 {[%clk 0:00:08]} Bxf7 {[%clk 0:00:05]} 48. Rxf7
{[%clk 0:00:09]} Rh1 {[%clk 0:00:05]} 49. Rxf5 {[%clk 0:00:10]} Rxh4
{[%clk 0:00:06]} 50. Rxh5 {[%clk 0:00:11]} Rf4 {[%clk 0:00:06]} 51. Rh7
{[%clk 0:00:12]} Re4 {[%clk 0:00:07]} 52. Kb2 {[%clk 0:00:13]} c5
{[%clk 0:00:08]} 53. Ra7 {[%clk 0:00:12]} d5 {[%clk 0:00:07]} 54. Rxa6
{[%clk 0:00:11]} Kc7 {[%clk 0:00:09]} 55. Bf3 {[%clk 0:00:11]} Rd4
{[%clk 0:00:10]} 56. Rf6 {[%clk 0:00:11]} c4 {[%clk 0:00:10]} 57. bxc4
{[%clk 0:00:09]} dxc4 {[%clk 0:00:11]} 58. Rf5 {[%clk 0:00:09]} Kb6
{[%clk 0:00:12]} 59. Be2 {[%clk 0:00:09]} Re4 {[%clk 0:00:11]} 60. Bf1
{[%clk 0:00:10]} Rh4 {[%clk 0:00:11]} 61. Kc3 {[%clk 0:00:11]} 1-0

[Event "M?R 2020 v bleskovém ?achu druzstev"]
[Site "Turnov"]
[Date "2020.09.12"]
[Round "6.2"]
[White "Hagarova KVA, Zuzana"]
[Black "Simacek TUR_A, Pavel"]
[Result "1-0"]
[BlackElo "2407"]
[WhiteElo "2285"]
[LiveChessVersion "1.4.8"]

1. e4 {[%clk 0:03:03]} d5 {[%clk 0:03:02]} 2. exd5 {[%clk 0:03:03]} Nf6
{[%clk 0:03:03]} 3. Bb5+ {[%clk 0:03:00]} Bd7 {[%clk 0:03:03]} 4. Be2
{[%clk 0:03:01]} Nxd5 {[%clk 0:03:03]} 5. d4 {[%clk 0:02:59]} Bf5
{[%clk 0:03:03]} 6. Nf3 {[%clk 0:02:59]} e6 {[%clk 0:03:04]} 7. O-O
{[%clk 0:02:58]} Nc6 {[%clk 0:03:03]} 8. a3 {[%clk 0:02:55]} Be7 {[%clk 0:02:55]}
9. c4 {[%clk 0:02:53]} Nf6 {[%clk 0:02:56]} 10. Nc3 {[%clk 0:02:52]} O-O
{[%clk 0:02:53]} 11. Be3 {[%clk 0:02:43]} Ne4 {[%clk 0:02:47]} 12. Nxe4
{[%clk 0:02:31]} Bxe4 {[%clk 0:02:47]} 13. Qd2 {[%clk 0:02:28]} Bf6
{[%clk 0:02:45]} 14. Rad1 {[%clk 0:02:24]} Re8 {[%clk 0:02:43]} 15. Ng5
{[%clk 0:01:55]} Bg6 {[%clk 0:02:35]} 16. h4 {[%clk 0:01:36]} h6 {[%clk 0:02:28]}
17. h5 {[%clk 0:01:32]} Bf5 {[%clk 0:02:13]} 18. Nf3 {[%clk 0:01:31]} Bg4
{[%clk 0:02:12]} 19. Nh2 {[%clk 0:01:01]} Bf5 {[%clk 0:02:09]} 20. Bf3
{[%clk 0:00:52]} Qe7 {[%clk 0:01:56]} 21. Ng4 {[%clk 0:00:51]} Rad8
{[%clk 0:01:42]} 22. Nxf6+ {[%clk 0:00:38]} Qxf6 {[%clk 0:01:42]} 23. Qc3
{[%clk 0:00:39]} Rd6 {[%clk 0:00:57]} 24. Rd2 {[%clk 0:00:29]} e5
{[%clk 0:00:48]} 25. d5 {[%clk 0:00:20]} Ne7 {[%clk 0:00:33]} 26. Rfd1
{[%clk 0:00:21]} e4 {[%clk 0:00:32]} 27. Qxf6 {[%clk 0:00:19]} Rxf6
{[%clk 0:00:32]} 28. Be2 {[%clk 0:00:19]} b6 {[%clk 0:00:31]} 29. Bf4
{[%clk 0:00:18]} Rc8 {[%clk 0:00:31]} 30. Be5 {[%clk 0:00:18]} c5
{[%clk 0:00:19]} 31. Bxf6 gxf6 {[%clk 0:00:20]} 32. d6 {[%clk 0:00:17]} Nc6
{[%clk 0:00:21]} 33. d7 {[%clk 0:00:17]} Rd8 {[%clk 0:00:22]} 34. Rd6
{[%clk 0:00:16]} Nd4 {[%clk 0:00:23]} 35. Bf1 {[%clk 0:00:15]} Be6
{[%clk 0:00:24]} 36. b4 {[%clk 0:00:12]} Kf8 {[%clk 0:00:24]} 37. bxc5
{[%clk 0:00:11]} Ke7 {[%clk 0:00:25]} 38. R6xd4 {[%clk 0:00:10]} bxc5
{[%clk 0:00:26]} 39. Rxe4 {[%clk 0:00:11]} f5 {[%clk 0:00:26]} 40. Re5
{[%clk 0:00:11]} 1-0

[Event "M?R 2020 v bleskovém ?achu druzstev"]
[Site "Turnov"]
[Date "2020.09.12"]
[Round "6.3"]
[White "Vykouk TUR_A, Jan"]
[Black "Fryc KVA, Miroslav"]
[Result "1-0"]
[BlackElo "2178"]
[WhiteElo "2374"]
[LiveChessVersion "1.4.8"]

1. e4 {[%clk 0:03:02]} c5 {[%clk 0:03:03]} 2. Nf3 {[%clk 0:03:03]} d6
{[%clk 0:03:04]} 3. d4 {[%clk 0:03:04]} cxd4 {[%clk 0:03:05]} 4. Nxd4
{[%clk 0:03:05]} Nf6 {[%clk 0:03:06]} 5. Nc3 {[%clk 0:03:06]} a6 {[%clk 0:03:08]}
6. Be3 {[%clk 0:03:05]} e6 {[%clk 0:03:02]} 7. f3 {[%clk 0:03:03]} Be7
{[%clk 0:03:02]} 8. Qd2 Qc7 {[%clk 0:03:03]} 9. g4 {[%clk 0:03:03]} b5
{[%clk 0:03:03]} 10. g5 {[%clk 0:03:03]} Nfd7 {[%clk 0:03:04]} 11. O-O-O
{[%clk 0:03:00]} b4 {[%clk 0:02:50]} 12. Nce2 {[%clk 0:02:54]} Qb7
{[%clk 0:02:31]} 13. h4 {[%clk 0:02:47]} Ne5 {[%clk 0:02:29]} 14. Ng3
{[%clk 0:02:43]} Bd7 {[%clk 0:02:09]} 15. f4 {[%clk 0:02:40]} Nec6
{[%clk 0:02:11]} 16. Bg2 {[%clk 0:02:27]} Na5 {[%clk 0:01:19]} 17. b3
{[%clk 0:02:17]} Nbc6 {[%clk 0:01:17]} 18. h5 {[%clk 0:02:11]} Rc8
{[%clk 0:01:10]} 19. Kb1 {[%clk 0:02:10]} Na7 20. g6 {[%clk 0:02:02]} fxg6
{[%clk 0:00:44]} 21. hxg6 {[%clk 0:02:02]} h6 {[%clk 0:00:44]} 22. e5
{[%clk 0:01:47]} d5 {[%clk 0:00:36]} 23. f5 {[%clk 0:01:48]} Nb5 {[%clk 0:00:14]}
24. Nxb5 {[%clk 0:01:46]} axb5 {[%clk 0:00:12]} 25. f6 {[%clk 0:01:04]} gxf6
{[%clk 0:00:13]} 26. g7 {[%clk 0:01:05]} Rg8 {[%clk 0:00:12]} 27. Rxh6
{[%clk 0:01:01]} f5 {[%clk 0:00:03]} 28. Nh5 {[%clk 0:00:43]} Kf7 29. Bf3 Qc7
{[%clk 0:03:02]} 30. Qg2 1-0

[Event "M?R 2020 v bleskovém ?achu druzstev"]
[Site "Turnov"]
[Date "2020.09.12"]
[Round "6.4"]
[White "Musil KVA, Miroslav"]
[Black "Studnicka TUR_A, Tomas"]
[Result "0-1"]
[BlackElo "2155"]
[WhiteElo "2036"]
[LiveChessVersion "1.4.8"]

1. c4 {[%clk 0:03:02]} c5 {[%clk 0:03:03]} 2. Nc3 {[%clk 0:03:03]} Nc6
{[%clk 0:03:04]} 3. g3 {[%clk 0:03:04]} g6 {[%clk 0:03:05]} 4. Bg2
{[%clk 0:03:05]} Bg7 {[%clk 0:03:06]} 5. e4 {[%clk 0:03:04]} d6 {[%clk 0:03:05]}
6. Nge2 {[%clk 0:03:04]} Be6 {[%clk 0:03:03]} 7. d3 {[%clk 0:03:04]} Qc8
{[%clk 0:03:04]} 8. O-O {[%clk 0:03:02]} Bh3 {[%clk 0:03:05]} 9. Be3
{[%clk 0:02:47]} h5 {[%clk 0:02:42]} 10. Nf4 {[%clk 0:02:43]} Bxg2
{[%clk 0:02:42]} 11. Nxg2 {[%clk 0:02:43]} Nf6 {[%clk 0:02:37]} 12. Rb1
{[%clk 0:02:37]} Ng4 {[%clk 0:02:28]} 13. Qe2 {[%clk 0:02:08]} Nd4
{[%clk 0:02:02]} 14. Bxd4 {[%clk 0:02:00]} Bxd4 {[%clk 0:02:02]} 15. Nb5
{[%clk 0:01:51]} Bf6 {[%clk 0:01:58]} 16. h3 {[%clk 0:01:27]} Ne5
{[%clk 0:01:37]} 17. Kh2 {[%clk 0:01:15]} O-O {[%clk 0:01:26]} 18. Nc3
{[%clk 0:01:07]} Qd7 {[%clk 0:01:23]} 19. Qd1 {[%clk 0:00:55]} a6
{[%clk 0:01:21]} 20. Nd5 {[%clk 0:00:47]} Bg7 {[%clk 0:01:20]} 21. Nb6
{[%clk 0:00:47]} Qc7 {[%clk 0:01:15]} 22. Nxa8 {[%clk 0:00:48]} Rxa8
{[%clk 0:01:16]} 23. b4 {[%clk 0:00:43]} b5 {[%clk 0:01:02]} 24. cxb5
{[%clk 0:00:29]} axb5 {[%clk 0:01:03]} 25. bxc5 {[%clk 0:00:28]} dxc5
{[%clk 0:01:03]} 26. Rxb5 {[%clk 0:00:24]} Rxa2 {[%clk 0:01:04]} 27. Nf4
{[%clk 0:00:24]} e6 {[%clk 0:00:57]} 28. Qb3 {[%clk 0:00:22]} Rb2
{[%clk 0:00:39]} 29. Qa4 {[%clk 0:00:13]} Rd2 {[%clk 0:00:31]} 30. Qa3
{[%clk 0:00:11]} c4 {[%clk 0:00:30]} 31. dxc4 {[%clk 0:00:10]} Nxc4
{[%clk 0:00:30]} 32. Qb3 {[%clk 0:00:11]} Rb2 {[%clk 0:00:25]} 33. Qa4
{[%clk 0:00:10]} Rd2 {[%clk 0:00:19]} 34. Kg2 {[%clk 0:00:11]} Ne3+
{[%clk 0:00:19]} 35. Kg1 {[%clk 0:00:11]} Nxf1 {[%clk 0:00:20]} 36. Kxf1
{[%clk 0:00:13]} Qc1+ {[%clk 0:00:17]} 37. Kg2 {[%clk 0:00:14]} Qe1
{[%clk 0:00:17]} 38. Qa8+ {[%clk 0:00:13]} Kh7 {[%clk 0:00:18]} 39. Qa7
{[%clk 0:00:14]} Qxe4+ {[%clk 0:00:18]} 40. Kg1 {[%clk 0:00:11]} Rd1+
{[%clk 0:00:19]} 41. Kh2 {[%clk 0:00:11]} Rh1# 0-1

[Event "M?R 2020 v bleskovém ?achu druzstev"]
[Site "Turnov"]
[Date "2020.09.12"]
[Round "6.5"]
[White "Vltavsky TUR_C, Vladimir"]
[Black "Finek LIB, Vaclav"]
[Result "0-1"]
[BlackElo "1852"]
[WhiteElo "2156"]
[LiveChessVersion "1.4.8"]

1. e4 {[%clk 0:03:02]} Nf6 {[%clk 0:03:02]} 2. e5 {[%clk 0:03:03]} Nd5
{[%clk 0:03:03]} 3. d4 {[%clk 0:03:02]} d6 {[%clk 0:03:04]} 4. Nf3
{[%clk 0:03:03]} dxe5 {[%clk 0:03:04]} 5. dxe5 {[%clk 0:03:04]} Bg4
{[%clk 0:02:57]} 6. Be2 {[%clk 0:03:05]} e6 {[%clk 0:02:58]} 7. O-O
{[%clk 0:03:04]} Be7 {[%clk 0:02:58]} 8. h3 {[%clk 0:03:05]} Bxf3
{[%clk 0:02:57]} 9. Bxf3 {[%clk 0:03:05]} Nc6 {[%clk 0:02:52]} 10. Qe2
{[%clk 0:02:59]} Nd4 {[%clk 0:02:43]} 11. Qd1 {[%clk 0:02:51]} c5
{[%clk 0:02:23]} 12. c3 {[%clk 0:02:46]} Nxf3+ {[%clk 0:02:09]} 13. Qxf3
{[%clk 0:02:46]} Qc7 {[%clk 0:02:10]} 14. Qg3 {[%clk 0:02:33]} g6
{[%clk 0:01:59]} 15. Nd2 {[%clk 0:02:31]} h5 {[%clk 0:01:46]} 16. f4
{[%clk 0:02:15]} O-O-O {[%clk 0:01:37]} 17. Ne4 {[%clk 0:02:15]} c4
{[%clk 0:01:33]} 18. Kh1 {[%clk 0:01:49]} Qc6 {[%clk 0:01:27]} 19. a4
{[%clk 0:01:44]} Nb6 {[%clk 0:01:22]} 20. Re1 {[%clk 0:01:30]} Rd3
{[%clk 0:01:19]} 21. Qf2 {[%clk 0:01:30]} Kb8 {[%clk 0:01:11]} 22. Be3
{[%clk 0:01:24]} Rhd8 {[%clk 0:00:57]} 23. a5 {[%clk 0:01:23]} Nc8
{[%clk 0:00:58]} 24. Bd4 {[%clk 0:01:20]} a6 {[%clk 0:00:45]} 25. Qe2
{[%clk 0:01:13]} Bh4 {[%clk 0:00:42]} 26. Rec1 {[%clk 0:01:04]} Ne7
{[%clk 0:00:32]} 27. Bc5 {[%clk 0:00:54]} Nf5 {[%clk 0:00:30]} 28. Bd6+
{[%clk 0:00:29]} R8xd6 {[%clk 0:00:21]} 29. exd6 {[%clk 0:00:27]} Qxe4
{[%clk 0:00:19]} 30. Qxe4 {[%clk 0:00:26]} Ng3+ {[%clk 0:00:19]} 31. Kh2
{[%clk 0:00:27]} Nxe4 {[%clk 0:00:20]} 32. Rd1 {[%clk 0:00:23]} Bg3+
{[%clk 0:00:15]} 33. Kg1 {[%clk 0:00:23]} Rxd6 {[%clk 0:00:15]} 34. Rxd6
{[%clk 0:00:14]} Nxd6 {[%clk 0:00:16]} 35. Rf1 {[%clk 0:00:11]} Nf5
{[%clk 0:00:13]} 36. Rf3 {[%clk 0:00:12]} Kc7 {[%clk 0:00:14]} 37. Kf1
{[%clk 0:00:11]} Kc6 {[%clk 0:00:15]} 38. Ke2 {[%clk 0:00:12]} Kb5
{[%clk 0:00:16]} 39. Rf1 {[%clk 0:00:08]} Kxa5 {[%clk 0:00:14]} 40. Rd1
{[%clk 0:00:09]} Bxf4 {[%clk 0:00:14]} 41. Rd7 {[%clk 0:00:10]} b5
{[%clk 0:00:14]} 42. Rxf7 {[%clk 0:00:09]} Bc1 {[%clk 0:00:15]} 43. g4
{[%clk 0:00:08]} hxg4 {[%clk 0:00:16]} 44. hxg4 {[%clk 0:00:10]} Nh6
{[%clk 0:00:15]} 0-1

[Event "M?R 2020 v bleskovém ?achu druzstev"]
[Site "Turnov"]
[Date "2020.09.12"]
[Round "6.6"]
[White "Hurtik LIB, Matej"]
[Black "Marsalek TUR_C, Zdenek"]
[Result "0-1"]
[BlackElo "2297"]
[WhiteElo "1952"]
[LiveChessVersion "1.4.8"]

1. e4 {[%clk 0:03:02]} d6 {[%clk 0:03:03]} 2. d4 {[%clk 0:03:03]} Nf6
{[%clk 0:03:05]} 3. Nc3 {[%clk 0:03:04]} e5 {[%clk 0:03:06]} 4. Nge2
{[%clk 0:03:02]} Nbd7 {[%clk 0:03:05]} 5. f3 {[%clk 0:03:03]} Be7
{[%clk 0:03:05]} 6. Be3 {[%clk 0:03:03]} c6 {[%clk 0:03:06]} 7. a4
{[%clk 0:03:02]} O-O {[%clk 0:03:03]} 8. Qd2 {[%clk 0:03:02]} b6 {[%clk 0:03:01]}
9. Ng3 {[%clk 0:02:54]} exd4 {[%clk 0:02:57]} 10. Bxd4 {[%clk 0:02:55]} Ne5
{[%clk 0:02:54]} 11. h3 {[%clk 0:02:41]} Qc7 {[%clk 0:02:51]} 12. f4
{[%clk 0:02:30]} Ng6 {[%clk 0:02:45]} 13. Bd3 {[%clk 0:02:20]} Re8
{[%clk 0:02:44]} 14. O-O-O {[%clk 0:02:16]} a6 {[%clk 0:02:39]} 15. Rde1
{[%clk 0:02:03]} b5 {[%clk 0:02:38]} 16. e5 {[%clk 0:02:01]} dxe5
{[%clk 0:02:26]} 17. fxe5 {[%clk 0:02:02]} Nd5 {[%clk 0:02:23]} 18. Nxd5
{[%clk 0:01:53]} cxd5 {[%clk 0:02:24]} 19. a5 {[%clk 0:01:53]} Be6
{[%clk 0:02:11]} 20. Nf5 {[%clk 0:01:34]} Bf8 {[%clk 0:02:07]} 21. g4
{[%clk 0:01:30]} Bxf5 {[%clk 0:01:57]} 22. Bxf5 {[%clk 0:00:49]} Nxe5
{[%clk 0:01:56]} 23. Qg5 {[%clk 0:00:13]} f6 {[%clk 0:01:45]} 24. Qh4
{[%clk 0:00:07]} g6 {[%clk 0:01:45]} 0-1

[Event "M?R 2020 v bleskovém ?achu druzstev"]
[Site "Turnov"]
[Date "2020.09.12"]
[Round "6.7"]
[White "Sykora TUR_C, Marek"]
[Black "Hofman LIB, Krystof"]
[Result "1/2-1/2"]
[BlackElo "2043"]
[WhiteElo "1981"]
[LiveChessVersion "1.4.8"]

1. e4 {[%clk 0:03:01]} c5 {[%clk 0:03:03]} 2. Nc3 {[%clk 0:03:02]} d6
{[%clk 0:03:05]} 3. g3 {[%clk 0:03:03]} Nc6 {[%clk 0:03:03]} 4. Bg2
{[%clk 0:03:04]} Nf6 {[%clk 0:03:01]} 5. d3 {[%clk 0:03:03]} g6 {[%clk 0:02:59]}
6. f4 {[%clk 0:03:03]} Bg7 {[%clk 0:02:58]} 7. Nf3 {[%clk 0:03:03]} O-O
{[%clk 0:02:58]} 8. O-O {[%clk 0:02:59]} Rb8 {[%clk 0:02:58]} 9. h3
{[%clk 0:02:54]} b5 {[%clk 0:02:50]} 10. g4 {[%clk 0:02:43]} Nd4 {[%clk 0:02:41]}
11. Ne2 {[%clk 0:02:27]} Nd7 {[%clk 0:02:30]} 12. f5 {[%clk 0:02:23]} Nxf3+
{[%clk 0:02:25]} 13. Bxf3 {[%clk 0:02:23]} Ne5 {[%clk 0:02:22]} 14. Bg2
{[%clk 0:02:24]} Bb7 {[%clk 0:02:04]} 15. Nf4 {[%clk 0:02:19]} Qd7
{[%clk 0:01:34]} 16. Nd5 {[%clk 0:01:44]} Bxd5 {[%clk 0:01:29]} 17. exd5
{[%clk 0:01:44]} a5 {[%clk 0:01:17]} 18. Be4 {[%clk 0:01:28]} b4 {[%clk 0:01:03]}
19. Be3 {[%clk 0:01:19]} a4 {[%clk 0:00:57]} 20. Qd2 {[%clk 0:00:57]} b3
{[%clk 0:00:49]} 21. axb3 {[%clk 0:00:55]} axb3 {[%clk 0:00:49]} 22. c3
{[%clk 0:00:54]} Ra8 {[%clk 0:00:45]} 23. Bh6 {[%clk 0:00:25]} Ra2
{[%clk 0:00:40]} 24. Bxg7 {[%clk 0:00:22]} Kxg7 {[%clk 0:00:41]} 25. Rxa2
{[%clk 0:00:22]} bxa2 {[%clk 0:00:42]} 26. Ra1 {[%clk 0:00:19]} Ra8
{[%clk 0:00:41]} 27. b3 {[%clk 0:00:11]} Qa7 {[%clk 0:00:35]} 28. Kg2
{[%clk 0:00:06]} Qa3 {[%clk 0:00:36]} 29. Qc2 {[%clk 0:00:07]} g5
{[%clk 0:00:26]} 30. Qd2 {[%clk 0:00:03]} f6 31. Qc2 h5 {[%clk 0:00:23]} 32. Kg3
{[%clk 0:00:05]} h4+ {[%clk 0:00:23]} 33. Kg2 {[%clk 0:00:06]} Nd7
{[%clk 0:00:23]} 34. d4 {[%clk 0:00:05]} Qa5 {[%clk 0:00:17]} 35. dxc5
{[%clk 0:00:04]} dxc5 {[%clk 0:00:15]} 36. Bd3 {[%clk 0:00:04]} Ne5
{[%clk 0:00:14]} 37. Be2 {[%clk 0:00:05]} Qa3 {[%clk 0:00:13]} 38. Bf1
{[%clk 0:00:04]} Kf7 {[%clk 0:00:11]} 39. Be2 {[%clk 0:00:04]} Rb8
{[%clk 0:00:11]} 40. Rxa2 {[%clk 0:00:05]} Qxb3 {[%clk 0:00:12]} 41. Qxb3
{[%clk 0:00:06]} Rxb3 {[%clk 0:04:04]} 42. Rc2 {[%clk 0:00:07]} c4
{[%clk 0:00:14]} 43. Kf2 {[%clk 0:00:08]} Ke8 {[%clk 0:00:15]} 44. Ke3
{[%clk 0:00:09]} Rb1 {[%clk 0:00:08]} 45. Kd4 {[%clk 0:00:08]} Rh1
{[%clk 0:00:09]} 46. Bxc4 {[%clk 0:00:07]} Rd1+ {[%clk 0:00:08]} 47. Kc5
{[%clk 0:00:08]} Rh1 {[%clk 0:00:05]} 48. Bb5+ {[%clk 0:00:09]} Kf7
{[%clk 0:00:06]} 49. Re2 {[%clk 0:00:04]} Rxh3 {[%clk 0:00:06]} 50. c4
{[%clk 0:00:06]} Rg3 {[%clk 0:00:06]} 51. Kd4 {[%clk 0:00:05]} h3
{[%clk 0:00:05]} 52. Ba4 {[%clk 0:00:05]} Rg2 {[%clk 0:00:05]} 53. Re1
{[%clk 0:00:05]} h2 {[%clk 0:00:06]} 54. Rh1 {[%clk 0:00:06]} Rg1
{[%clk 0:00:07]} 55. Rxh2 {[%clk 0:00:07]} Nf3+ {[%clk 0:00:08]} 56. Kc5
{[%clk 0:00:09]} Nxh2 57. Kb6 Rc1 {[%clk 0:00:10]} 58. c5 {[%clk 0:00:12]} Nxg4
{[%clk 0:00:11]} 59. c6 {[%clk 0:00:12]} Ne5 {[%clk 0:00:11]} 60. c7
{[%clk 0:00:13]} g4 {[%clk 0:00:09]} 61. Bc6 {[%clk 0:00:14]} Rb1+
{[%clk 0:00:08]} 62. Kc5 {[%clk 0:00:14]} g3 {[%clk 0:00:07]} 63. c8=Q
{[%clk 0:00:14]} 1/2-1/2

[Event "M?R 2020 v bleskovém ?achu druzstev"]
[Site "Turnov"]
[Date "2020.09.12"]
[Round "6.8"]
[White "Machacek LIB, Jan"]
[Black "Sykora TUR_C, Ondrej"]
[Result "0-1"]
[BlackElo "2125"]
[WhiteElo "1668"]
[LiveChessVersion "1.4.8"]

1. e4 {[%clk 0:03:02]} e5 {[%clk 0:03:04]} 2. Nf3 {[%clk 0:03:03]} Nc6
{[%clk 0:03:05]} 3. Bc4 {[%clk 0:03:02]} Bc5 {[%clk 0:03:05]} 4. c3
{[%clk 0:03:03]} d6 {[%clk 0:03:02]} 5. d4 {[%clk 0:03:02]} exd4 {[%clk 0:03:02]}
6. cxd4 {[%clk 0:03:03]} Bb6 {[%clk 0:03:03]} 7. Nc3 {[%clk 0:03:01]} Bg4
{[%clk 0:03:03]} 8. Be3 {[%clk 0:02:59]} Nf6 {[%clk 0:03:00]} 9. h3
{[%clk 0:02:58]} Bh5 {[%clk 0:03:00]} 10. Qd2 {[%clk 0:02:54]} O-O
{[%clk 0:02:53]} 11. O-O-O {[%clk 0:02:48]} Nxe4 {[%clk 0:02:53]} 12. Nxe4
{[%clk 0:02:45]} d5 {[%clk 0:02:54]} 13. Nf6+ {[%clk 0:02:34]} gxf6
{[%clk 0:02:45]} 14. Bb3 {[%clk 0:02:34]} Bg6 {[%clk 0:02:35]} 15. h4
{[%clk 0:02:30]} Ba5 {[%clk 0:02:24]} 16. Qe2 {[%clk 0:02:27]} Re8
{[%clk 0:02:21]} 17. h5 {[%clk 0:02:27]} Be4 {[%clk 0:02:22]} 18. Rh3
{[%clk 0:02:22]} Qd6 {[%clk 0:02:16]} 19. Nd2 {[%clk 0:01:57]} Bf5
{[%clk 0:02:04]} 20. g4 {[%clk 0:01:45]} Nxd4 {[%clk 0:01:47]} 21. Qf1
{[%clk 0:01:17]} Qc6+ {[%clk 0:01:36]} 22. Nc4 {[%clk 0:01:14]} dxc4
{[%clk 0:01:31]} 23. Rxd4 {[%clk 0:01:09]} cxb3+ {[%clk 0:01:31]} 24. Rc4
{[%clk 0:01:09]} bxa2 {[%clk 0:01:24]} 0-1

[Event "M?R 2020 v bleskovém ?achu druzstev"]
[Site "Turnov"]
[Date "2020.09.12"]
[Round "7.1"]
[White "Mudra BAK, Pavel"]
[Black "Kraus TUR_A, Tomas"]
[Result "1-0"]
[BlackElo "2417"]
[WhiteElo "2233"]
[LiveChessVersion "1.4.8"]

1. d4 {[%clk 0:03:03]} d5 {[%clk 0:03:04]} 2. e3 {[%clk 0:03:04]} c5
{[%clk 0:02:58]} 3. Nf3 {[%clk 0:03:04]} e6 {[%clk 0:02:58]} 4. c4
{[%clk 0:03:03]} Nf6 {[%clk 0:02:58]} 5. Nc3 {[%clk 0:03:03]} a6 {[%clk 0:02:59]}
6. a3 {[%clk 0:03:01]} cxd4 {[%clk 0:02:54]} 7. exd4 {[%clk 0:03:01]} Be7
{[%clk 0:02:55]} 8. Bf4 {[%clk 0:02:48]} dxc4 {[%clk 0:02:47]} 9. Bxc4
{[%clk 0:02:49]} O-O {[%clk 0:02:47]} 10. O-O {[%clk 0:02:49]} Nbd7
{[%clk 0:02:42]} 11. h3 {[%clk 0:02:43]} Nb6 {[%clk 0:02:37]} 12. Ba2
{[%clk 0:02:38]} Nbd5 {[%clk 0:02:37]} 13. Be5 {[%clk 0:02:37]} b5
{[%clk 0:02:28]} 14. Qd3 {[%clk 0:02:35]} Bb7 {[%clk 0:02:27]} 15. Rfe1
{[%clk 0:02:26]} Rc8 {[%clk 0:02:25]} 16. Rac1 {[%clk 0:02:27]} Nxc3
{[%clk 0:02:18]} 17. Rxc3 {[%clk 0:02:27]} Rxc3 {[%clk 0:02:19]} 18. Qxc3
{[%clk 0:02:28]} Bd5 {[%clk 0:02:14]} 19. Bb1 {[%clk 0:02:27]} Qc8
{[%clk 0:01:57]} 20. Qd3 {[%clk 0:02:13]} g6 {[%clk 0:01:58]} 21. Bf4
{[%clk 0:02:14]} Qc4 {[%clk 0:01:54]} 22. Qd2 {[%clk 0:02:00]} Bxf3
{[%clk 0:01:50]} 23. gxf3 {[%clk 0:02:01]} Rd8 {[%clk 0:01:45]} 24. Be5
{[%clk 0:01:50]} Qd5 {[%clk 0:00:49]} 25. Qe3 {[%clk 0:01:40]} Nd7
{[%clk 0:00:40]} 26. Be4 {[%clk 0:01:40]} Qa2 {[%clk 0:00:41]} 27. Qc3
{[%clk 0:01:26]} Nxe5 {[%clk 0:00:25]} 28. dxe5 {[%clk 0:01:27]} a5
{[%clk 0:00:19]} 29. Qc7 {[%clk 0:01:16]} Kf8 {[%clk 0:00:20]} 30. Re2
{[%clk 0:01:11]} b4 {[%clk 0:00:13]} 31. axb4 {[%clk 0:01:12]} axb4
{[%clk 0:00:13]} 32. Kg2 {[%clk 0:01:12]} Qa1 {[%clk 0:00:09]} 33. f4
{[%clk 0:00:55]} Qd1 {[%clk 0:00:08]} 34. Bf3 {[%clk 0:00:48]} Qd4
{[%clk 0:00:08]} 35. Kg3 {[%clk 0:00:48]} h5 {[%clk 0:00:08]} 36. Re4
{[%clk 0:00:46]} Qxb2 {[%clk 0:00:08]} 37. Rc4 {[%clk 0:00:47]} b3
{[%clk 0:00:05]} 38. Ra4 {[%clk 0:00:46]} Qb1 39. Ra7 b2 1-0

[Event "M?R 2020 v bleskovém ?achu druzstev"]
[Site "Turnov"]
[Date "2020.09.12"]
[Round "7.2"]
[White "Simacek TUR_A, Pavel"]
[Black "Jordanov BAK, Mihail"]
[Result "1-0"]
[BlackElo "1591"]
[WhiteElo "2407"]
[LiveChessVersion "1.4.8"]

1. e4 {[%clk 0:03:02]} e5 {[%clk 0:03:03]} 2. Nf3 {[%clk 0:03:02]} Nc6
{[%clk 0:03:04]} 3. c3 {[%clk 0:03:02]} Be7 {[%clk 0:02:51]} 4. d4
{[%clk 0:03:02]} exd4 {[%clk 0:02:51]} 5. cxd4 {[%clk 0:03:03]} d6
{[%clk 0:02:52]} 6. Nc3 {[%clk 0:03:03]} Nf6 {[%clk 0:02:51]} 7. Bd3
{[%clk 0:03:03]} Bg4 {[%clk 0:02:50]} 8. Be3 {[%clk 0:03:00]} Qd7
{[%clk 0:02:28]} 9. h3 {[%clk 0:02:42]} Bh5 {[%clk 0:02:18]} 10. g4
{[%clk 0:02:37]} Bg6 {[%clk 0:02:19]} 11. Qb3 {[%clk 0:02:34]} O-O-O
{[%clk 0:02:05]} 12. d5 {[%clk 0:02:10]} Ne5 {[%clk 0:01:48]} 13. Nxe5
{[%clk 0:02:01]} dxe5 {[%clk 0:01:49]} 14. Bxa7 {[%clk 0:02:00]} h5
{[%clk 0:01:08]} 15. g5 {[%clk 0:01:55]} Nh7 {[%clk 0:00:33]} 16. Ba6
{[%clk 0:01:51]} c6 {[%clk 0:00:21]} 17. Na4 {[%clk 0:01:52]} 1-0